[Event "ITA-chT Final 53rd"]
[Site "Montesilvano"]
[Date "2022.04.25"]
[Round "2.7"]
[White "Formento, Paolo"]
[Black "Shytaj, Luca"]
[Result "1/2-1/2"]
[WhiteElo "2336"]
[BlackElo "2460"]
[PlyCount "76"]
[EventDate "2022.04.24"]
[EventType "team-tourn"]
[EventRounds "4"]
[EventCountry "ITA"]
[SourceTitle "CBM 207 Extra"]
[Source "ChessBase"]
[SourceDate "2022.05.31"]
[SourceVersion "1"]
[SourceVersionDate "2022.05.31"]
[SourceQuality "1"]
[WhiteTeam "Montebelluna Master"]
[BlackTeam "Chieti"]
[WhiteTeamCountry "ITA"]
[BlackTeamCountry "ITA"]

1. d4 Nf6 2. c4 e6 3. Nf3 a6 4. Nc3 d5 5. cxd5 exd5 6. Bg5 Be6 7. e3 Nbd7 8. h3 Bd6 9. Bd3 c6 10. Bf4 Qc7 11. Bxd6 Qxd6 12. 0-0 0-0 13. Rc1 Rfe8 14. Nd2 c5 15. dxc5 Nxc5 16. Nf3 Rac8 17. Bb1 Qb6 18. b3 Rc7 19. Qd4 Rec8 20. Nd2 Rc6 21. Ne2 a5 22. Rc3 Ncd7 23. Qxb6 Nxb6 24. Rfc1 Kf8 25. Bd3 Ke7 26. g4 h6 27. Bb5 Rxc3 28. Rxc3 Rxc3 29. Nxc3 Kd6 30. Bd3 Kc5 31. Nf3 Kb4 32. Nb1 a4 33. bxa4 Nxa4 34. Nd4 Ne4 35. a3+ Kc5 36. Kf1 g5 37. Ke1 Bd7 38. Nd2 Nd6 1/2-1/2

[Event "ITA-chTB 53rd"]
[Site "Montesilvano"]
[Date "2022.04.22"]
[Round "6.1"]
[White "Formento, Paolo"]
[Black "Boraso, Alessio"]
[Result "1/2-1/2"]
[WhiteElo "2336"]
[BlackElo "2297"]
[PlyCount "94"]
[EventDate "2022.04.19"]
[EventType "team-tourn"]
[EventRounds "7"]
[EventCountry "ITA"]
[SourceTitle "CBM 207 Extra"]
[Source "ChessBase"]
[SourceDate "2022.05.31"]
[SourceVersion "1"]
[SourceVersionDate "2022.05.31"]
[SourceQuality "1"]
[WhiteTeam "Montebelluna Master"]
[BlackTeam "Milan Accademia"]
[WhiteTeamCountry "ITA"]
[BlackTeamCountry "ITA"]

1. d4 Nf6 2. c4 e6 3. Nf3 d5 4. g3 Be7 5. Bg2 0-0 6. 0-0 dxc4 7. Ne5 Nc6 8. Bxc6 bxc6 9. Nxc6 Qe8 10. Nxe7+ Qxe7 11. Qa4 e5 12. dxe5 Qxe5 13. Qxc4 Be6 14. Qd3 Rad8 15. Qe3 Qh5 16. f3 Bc4 17. Nc3 Rfe8 18. Qg5 Qh3 19. Qh4 Qxh4 20. gxh4 Nd5 21. Nxd5 Rxd5 22. Re1 Rxe2 23. Rxe2 Bxe2 24. Kf2 Bb5 25. Be3 a6 26. Rc1 Rd7 27. b3 Kf8 28. a4 Bd3 29. Bf4 Bf5 30. Rc6 Ke8 31. Rxa6 Be6 32. Ra8+ Rd8 33. Ra7 c5 34. Be3 Rb8 35. Bxc5 Rxb3 36. a5 Bd5 37. Be3 Ra3 38. h5 h6 39. Ra6 Kd7 40. h4 Bc6 41. Ra7+ Ke6 42. Re7+ Kxe7 43. Bc5+ Kd7 44. Bxa3 g6 45. hxg6 fxg6 46. h5 gxh5 47. f4 Kc8 1/2-1/2

[Event "ITA-chTB 53rd"]
[Site "Montesilvano"]
[Date "2022.04.22"]
[Round "5.4"]
[White "Formento, Paolo"]
[Black "Favaloro, Andrea"]
[Result "1-0"]
[WhiteElo "2336"]
[BlackElo "2370"]
[PlyCount "95"]
[EventDate "2022.04.19"]
[EventType "team-tourn"]
[EventRounds "7"]
[EventCountry "ITA"]
[SourceTitle "CBM 207 Extra"]
[Source "ChessBase"]
[SourceDate "2022.05.31"]
[SourceVersion "1"]
[SourceVersionDate "2022.05.31"]
[SourceQuality "1"]
[WhiteTeam "Montebelluna Master"]
[BlackTeam "Palermitano CPS"]
[WhiteTeamCountry "ITA"]
[BlackTeamCountry "ITA"]

1. d4 Nf6 2. c4 e6 3. Nc3 Bb4 4. Qc2 b6 5. e4 c5 6. d5 Qe7 7. Nge2 exd5 8. exd5 0-0 9. Bd2 d6 10. 0-0-0 Ng4 11. Be1 a6 12. h3 Ne5 13. Ng3 b5 14. Bd2 f5 15. Nh5 Qh4 16. Be2 bxc4 17. g3 Nd3+ 18. Bxd3 cxd3 19. gxh4 dxc2 20. Rde1 Ra7 21. Rhg1 Kh8 22. a3 Ba5 23. Bf4 Rd7 24. Re6 Bc7 25. Rge1 Kg8 26. Kxc2 Rdf7 27. Rxd6 Bxd6 28. Bxd6 f4 29. Bxf8 Kxf8 30. Ne4 Bxh3 31. Ng5 Bf5+ 32. Kc3 Re7 33. Rxe7 Kxe7 34. Nxg7 Bb1 35. N7e6 Kd6 36. Nxf4 Ke5 37. Nd3+ Kxd5 38. Nxh7 c4 39. Nb4+ Ke5 40. Ng5 Kf4 41. f3 Kg3 42. Kxc4 Kxh4 43. Ne4 Nd7 44. Kd4 a5 45. Nc6 a4 46. Ne5 Nf8 47. Nc5 Bc2 48. Kc3 1-0

[Event "Cattolica Primavera op"]
[Site "Cattolica"]
[Date "2022.03.17"]
[Round "3"]
[White "Formento, Paolo"]
[Black "Gattafoni, Alessio"]
[Result "1-0"]
[WhiteElo "2359"]
[BlackElo "2114"]
[PlyCount "53"]
[EventDate "2022.03.16"]
[EventType "swiss"]
[EventRounds "9"]
[EventCountry "ITA"]
[SourceTitle "CBM 207 Extra"]
[Source "ChessBase"]
[SourceDate "2022.05.31"]
[SourceVersion "1"]
[SourceVersionDate "2022.05.31"]
[SourceQuality "1"]

1. d4 d5 2. Nf3 Nf6 3. Bf4 e6 4. e3 Bd6 5. Bg3 c5 6. Nbd2 Nc6 7. c3 Bxg3 8. hxg3 Qd6 9. Bb5 0-0 10. Bxc6 bxc6 11. Qa4 cxd4 12. cxd4 c5 13. Qa3 Qa6 14. Qxa6 Bxa6 15. Nb3 Ne4 16. Nxc5 Nxc5 17. dxc5 Rab8 18. b3 Rfc8 19. Rc1 Rb5 20. Rh4 Rbxc5 21. Rxc5 Rxc5 22. Ra4 Rc6 23. Ne5 Rd6 24. Rb4 h5 25. Rb8+ Kh7 26. Nxf7 Rc6 27. Rh8+ 1-0

[Event "Cattolica Spring Mix"]
[Site "Cattolica"]
[Date "2022.03.13"]
[Round "6"]
[White "Chennaoui, Yasin"]
[Black "Formento, Paolo"]
[Result "0-1"]
[WhiteElo "2014"]
[BlackElo "2359"]
[PlyCount "78"]
[EventDate "2022.03.10"]
[EventType "swiss"]
[EventRounds "9"]
[EventCountry "ITA"]
[SourceTitle "CBM 207 Extra"]
[Source "ChessBase"]
[SourceDate "2022.05.31"]
[SourceVersion "1"]
[SourceVersionDate "2022.05.31"]
[SourceQuality "1"]

1. c4 e5 2. g3 Nf6 3. Bg2 c6 4. d4 e4 5. Nc3 d5 6. Bg5 Bb4 7. Qb3 Bxc3+ 8. bxc3 Nbd7 9. a4 0-0 10. a5 Re8 11. e3 h6 12. Bxf6 Nxf6 13. Ne2 Bg4 14. h3 Bf3 15. Bxf3 exf3 16. Ng1 Ne4 17. cxd5 cxd5 18. Qd1 Qc7 19. Qc2 Re6 20. Nxf3 Rf6 21. Nd2 Rxf2 22. Qxe4 dxe4 23. Kxf2 Qxc3 24. Nxe4 Qc2+ 25. Kf3 Re8 26. Nf2 Qc3 27. Rhe1 f5 28. h4 g5 29. hxg5 hxg5 30. Rad1 Qxa5 31. Nd3 Qd5+ 32. Kf2 Kg7 33. Ne5 g4 34. Rc1 Rh8 35. Rc7+ Kf6 36. Rf1 Rh2+ 37. Ke1 Qa5+ 38. Rc3 Qxc3+ 39. Kd1 Qd2# 0-1

[Event "Cattolica Spring Mix"]
[Site "Cattolica"]
[Date "2022.03.12"]
[Round "5"]
[White "Formento, Paolo"]
[Black "Roshka, Yevgeniy"]
[Result "0-1"]
[WhiteElo "2359"]
[BlackElo "2478"]
[PlyCount "102"]
[EventDate "2022.03.10"]
[EventType "swiss"]
[EventRounds "9"]
[EventCountry "ITA"]
[SourceTitle "CBM 207 Extra"]
[Source "ChessBase"]
[SourceDate "2022.05.31"]
[SourceVersion "1"]
[SourceVersionDate "2022.05.31"]
[SourceQuality "1"]

1. d4 Nf6 2. c4 c5 3. d5 e6 4. Nc3 d6 5. e4 g6 6. Nge2 exd5 7. cxd5 Bg7 8. Ng3 0-0 9. Be2 Re8 10. 0-0 h5 11. Bg5 Qb6 12. Qd2 Nh7 13. Bh4 Nd7 14. f4 Bf6 15. Bxf6 Ndxf6 16. e5 dxe5 17. fxe5 Rxe5 18. Qf4 c4+ 19. Kh1 Qe3 20. Bxc4 Bd7 21. Qxe3 Rxe3 22. Rfe1 Rae8 23. Rxe3 Rxe3 24. Nf1 Re5 25. Nd2 Ng5 26. a4 h4 27. h3 Kf8 28. Bb3 Nfe4 29. Nc4 Rf5 30. Bc2 Ng3+ 31. Kg1 Rf4 32. Ne5 Ke7 33. a5 Kd6 34. Nxd7 Kxd7 35. a6 bxa6 36. Bd3 Rb4 37. Rxa6 Rxb2 38. Rxa7+ Kd6 39. Nd1 Rb3 40. Bc2 Rb8 41. Ra4 Rc8 42. Ne3 Rh8 43. Ra5 Rc8 44. Ra4 f5 45. Kf2 N5e4+ 46. Bxe4 fxe4 47. Ra6+ Ke5 48. Rxg6 Kd4 49. Rf6 Rc3 50. Nd1 Rc2+ 51. Kg1 Rc1 0-1

[Event "Cattolica Grandiscacchi op 1st"]
[Site "Cattolica"]
[Date "2022.03.03"]
[Round "3"]
[White "Nikolov, Momchil"]
[Black "Formento, Paolo"]
[Result "1/2-1/2"]
[WhiteElo "2501"]
[BlackElo "2359"]
[PlyCount "25"]
[EventDate "2022.03.01"]
[EventType "swiss"]
[EventRounds "9"]
[EventCountry "ITA"]
[SourceTitle "CBM 207 Extra"]
[Source "ChessBase"]
[SourceDate "2022.05.31"]
[SourceVersion "1"]
[SourceVersionDate "2022.05.31"]
[SourceQuality "1"]

1. d4 Nf6 2. c4 e6 3. Nf3 d5 4. g3 h6 5. Bg2 Bd6 6. 0-0 0-0 7. Nc3 Nc6 8. cxd5 exd5 9. Nb5 Bf5 10. Nxd6 Qxd6 11. Bf4 Qb4 12. b3 Qb6 13. Ne5 1/2-1/2

[Event "Cattolica Grandiscacchi op 1st"]
[Site "Cattolica"]
[Date "2022.03.02"]
[Round "2"]
[White "Formento, Paolo"]
[Black "Nesterov, Arseniy"]
[Result "1/2-1/2"]
[WhiteElo "2359"]
[BlackElo "2522"]
[PlyCount "45"]
[EventDate "2022.03.01"]
[EventType "swiss"]
[EventRounds "9"]
[EventCountry "ITA"]
[SourceTitle "CBM 207 Extra"]
[Source "ChessBase"]
[SourceDate "2022.05.31"]
[SourceVersion "1"]
[SourceVersionDate "2022.05.31"]
[SourceQuality "1"]

1. d4 d5 2. c4 e6 3. Nc3 Nf6 4. cxd5 exd5 5. Bg5 Be7 6. e3 0-0 7. Bd3 h6 8. Bf4 c5 9. dxc5 Bxc5 10. Nge2 Nc6 11. 0-0 d4 12. exd4 Nxd4 13. Nxd4 Qxd4 14. Be3 Qe5 15. Bxc5 Qxc5 16. Ne4 Nxe4 17. Bxe4 Be6 18. Qf3 Rab8 19. Rac1 Qe5 20. b3 b6 21. Rfd1 Rbd8 22. Qe2 Qg5 23. Bf3 1/2-1/2

[Event "ITA-ch 80th"]
[Site "Chianciano Terme"]
[Date "2021.12.11"]
[Round "11"]
[White "Lodici, Lorenzo"]
[Black "Formento, Paolo"]
[Result "1-0"]
[WhiteElo "2523"]
[BlackElo "2401"]
[PlyCount "81"]
[EventDate "2021.12.01"]
[EventType "tourn"]
[EventRounds "11"]
[EventCountry "ITA"]
[EventCategory "9"]
[SourceTitle "CBM 205 Extra"]
[Source "ChessBase"]
[SourceDate "2022.01.31"]
[SourceVersion "1"]
[SourceVersionDate "2022.01.31"]
[SourceQuality "1"]

1. d4 Nf6 2. c4 e6 3. Nc3 Bb4 4. e3 0-0 5. Bd3 c5 6. Nf3 d5 7. cxd5 cxd4 8. exd4 exd5 9. Ne5 Nc6 10. 0-0 h6 11. Nxc6 bxc6 12. Bf4 Bxc3 13. bxc3 a5 14. Re1 Re8 15. Qf3 Bg4 16. Rxe8+ Qxe8 17. Qg3 Qe6 18. Bd2 Bf5 19. Bxf5 Qxf5 20. Bxh6 Nh5 21. Qg5 Qg6 22. Qxg6 fxg6 23. Bc1 Rb8 24. Kf1 Nf6 25. f3 Nd7 26. Ke2 Re8+ 27. Kd1 Nb6 28. Rb1 Nc4 29. Rb7 Re6 30. Bf4 Kf8 31. Be5 Re7 32. Rxe7 Kxe7 33. Bxg7 Ne3+ 34. Ke2 Nxg2 35. Be5 Nh4 36. a4 Kd7 37. Bg3 Nf5 38. Kd3 Ne7 39. c4 dxc4+ 40. Kxc4 Nd5 41. Be1 1-0

[Event "ITA-ch 80th"]
[Site "Chianciano Terme"]
[Date "2021.12.10"]
[Round "10"]
[White "Formento, Paolo"]
[Black "Sonis, Francesco"]
[Result "0-1"]
[WhiteElo "2401"]
[BlackElo "2550"]
[PlyCount "62"]
[EventDate "2021.12.01"]
[EventType "tourn"]
[EventRounds "11"]
[EventCountry "ITA"]
[EventCategory "9"]
[SourceTitle "CBM 205 Extra"]
[Source "ChessBase"]
[SourceDate "2022.01.31"]
[SourceVersion "1"]
[SourceVersionDate "2022.01.31"]
[SourceQuality "1"]

1. d4 Nf6 2. Nf3 b6 3. Bf4 Bb7 4. c4 e6 5. a3 c5 6. Nc3 cxd4 7. Qxd4 Nc6 8. Qd3 Nh5 9. Bg5 Be7 10. Bxe7 Qxe7 11. e3 0-0 12. Rd1 Nf6 13. Qd6 Qxd6 14. Rxd6 Rac8 15. b4 Ne7 16. Bd3 Nf5 17. Bxf5 Rxc4 18. Ne2 exf5 19. 0-0 Bd5 20. Ne5 Rc7 21. Nd4 Re8 22. Nb5 Rb7 23. f4 Be6 24. Rd4 Reb8 25. Rc1 Ne8 26. Rcd1 f6 27. Nxd7 Rc8 28. Nd6 Nxd6 29. Rxd6 Kf7 30. e4 Ke7 31. Rxe6+ Kxe6 0-1

[Event "ITA-ch 80th"]
[Site "Chianciano Terme"]
[Date "2021.12.06"]
[Round "6"]
[White "Basso, Pier Luigi"]
[Black "Formento, Paolo"]
[Result "1-0"]
[WhiteElo "2581"]
[BlackElo "2401"]
[PlyCount "59"]
[EventDate "2021.12.01"]
[EventType "tourn"]
[EventRounds "11"]
[EventCountry "ITA"]
[EventCategory "9"]
[SourceTitle "CBM 205 Extra"]
[Source "ChessBase"]
[SourceDate "2022.01.31"]
[SourceVersion "1"]
[SourceVersionDate "2022.01.31"]
[SourceQuality "1"]

1. d4 d5 2. c4 e6 3. Nf3 Nf6 4. g3 Bb4+ 5. Bd2 Be7 6. Bg2 0-0 7. 0-0 Nbd7 8. Qc2 c6 9. Bf4 Nh5 10. Bc1 f5 11. b3 Nhf6 12. Ng5 Nb8 13. Ba3 Bxa3 14. Nxa3 h6 15. Nf3 Qe7 16. Qb2 Nbd7 17. e3 b6 18. cxd5 cxd5 19. Rfc1 Ba6 20. b4 Rfc8 21. b5 Bb7 22. Nc2 Ne4 23. a4 Ndf6 24. Nb4 Rxc1+ 25. Rxc1 Rc8 26. Rxc8+ Bxc8 27. Ne5 Qd6 28. Nbc6 Qc7 29. Qb4 a5 30. Qe7 1-0

[Event "ITA-ch 80th"]
[Site "Chianciano Terme"]
[Date "2021.12.04"]
[Round "4"]
[White "Moroni, Luca Jr"]
[Black "Formento, Paolo"]
[Result "1-0"]
[WhiteElo "2575"]
[BlackElo "2401"]
[PlyCount "85"]
[EventDate "2021.12.01"]
[EventType "tourn"]
[EventRounds "11"]
[EventCountry "ITA"]
[EventCategory "9"]
[SourceTitle "CBM 205 Extra"]
[Source "ChessBase"]
[SourceDate "2022.01.31"]
[SourceVersion "1"]
[SourceVersionDate "2022.01.31"]
[SourceQuality "1"]

1. c4 e5 2. Nc3 Bb4 3. Nd5 Be7 4. b3 Nf6 5. Nxe7 Qxe7 6. Bb2 0-0 7. e3 Nc6 8. Ne2 d5 9. cxd5 Nxd5 10. Ng3 Be6 11. Rc1 f5 12. Bd3 Rad8 13. Qe2 Qh4 14. Rxc6 bxc6 15. Bxe5 Nb4 16. Bb1 Bc8 17. Bxc7 Rd7 18. Ba5 Ba6 19. Qf3 Nd3+ 20. Bxd3 Bxd3 21. Qxc6 Qf6 22. Qxf6 Rxf6 23. Ne2 Ra6 24. b4 Rc6 25. Nc3 f4 26. exf4 Bc4 27. f3 Bxa2 28. Nxa2 Rc2 29. Nc3 Rdxd2 30. Rg1 a6 31. Ne4 Rd3 32. b5 Ra3 33. Bd2 axb5 34. Ke2 b4 35. Rb1 b3 36. Nc3 Ra7 37. Rxb3 Rd7 38. Rb8+ Kf7 39. Ne4 h6 40. g4 Ra2 41. f5 Ra1 42. h4 Rh1 43. h5 1-0

[Event "ITA-ch 80th"]
[Site "Chianciano Terme"]
[Date "2021.12.01"]
[Round "1"]
[White "Formento, Paolo"]
[Black "David, Alberto"]
[Result "0-1"]
[WhiteElo "2401"]
[BlackElo "2552"]
[PlyCount "82"]
[EventDate "2021.12.01"]
[EventType "tourn"]
[EventRounds "11"]
[EventCountry "ITA"]
[EventCategory "9"]
[SourceTitle "CBM 205 Extra"]
[Source "ChessBase"]
[SourceDate "2022.01.31"]
[SourceVersion "1"]
[SourceVersionDate "2022.01.31"]
[SourceQuality "1"]

1. d4 Nf6 2. Nf3 e6 3. Bf4 b6 4. c4 Bb4+ 5. Nbd2 Bb7 6. a3 Be7 7. Qc2 c5 8. e3 d6 9. Bd3 Nbd7 10. h3 cxd4 11. exd4 d5 12. b3 Rc8 13. Qb1 Nf8 14. 0-0 Ng6 15. Bh2 0-0 16. Re1 Bd6 17. Ne5 Bb8 18. Qb2 Nh4 19. c5 bxc5 20. dxc5 d4 21. Bg3 Nxg2 22. c6 Rxc6 23. Nxc6 Bxc6 24. Rec1 Qd5 25. Qc2 Bb7 26. Qc5 Nf4 27. Qxd5 N6xd5 28. Bf1 Nc3 29. Re1 Rc8 30. Nc4 Be4 31. Rac1 f5 32. Kh2 h5 33. h4 g5 34. hxg5 h4 35. Bxf4 Bxf4+ 36. Kh3 Kg7 37. Ra1 d3 38. Rad1 Nxd1 39. Rxd1 d2 40. Ne3 Bxe3 41. fxe3 Rd8 0-1

[Event "Bassano del Grappa Vergani Cup 5th"]
[Site "Bassano del Grappa"]
[Date "2020.12.27"]
[Round "3"]
[White "Formento, Paolo"]
[Black "Warmerdam, Max"]
[Result "1/2-1/2"]
[WhiteElo "2315"]
[BlackElo "2506"]
[PlyCount "88"]
[EventDate "2020.12.26"]
[EventType "swiss"]
[EventRounds "9"]
[EventCountry "ITA"]
[SourceTitle "CBM 200 Extra"]
[Source "ChessBase"]
[SourceDate "2021.03.31"]
[SourceVersion "1"]
[SourceVersionDate "2021.03.31"]
[SourceQuality "1"]

1. c4 Nf6 2. Nc3 g6 3. e4 d6 4. Nge2 Bg7 5. g3 0-0 6. Bg2 c5 7. 0-0 Bg4 8. h3 Bxe2 9. Nxe2 Nc6 10. d3 Rb8 11. Be3 Nd7 12. d4 b5 13. cxb5 Rxb5 14. b3 Qa5 15. e5 Nxd4 16. Bxd4 cxd4 17. Nxd4 Rxe5 18. Nc6 Qa3 19. Nxe5 Bxe5 20. Rc1 Nc5 21. Qe2 a5 22. Rc4 Bf6 23. Rfc1 Rb8 24. R1c2 Kg7 25. Qe3 Rb4 26. Bf1 e6 27. Qc1 Rxc4 28. Bxc4 Qxc1+ 29. Rxc1 Bb2 30. Rc2 Ba3 31. Kf1 Kf6 32. Ke2 d5 33. Bb5 Ke7 34. h4 f6 35. f3 e5 36. Rd2 Kd6 37. Bc4 d4 38. h5 gxh5 39. Rd1 f5 40. f4 Ne4 41. Kf3 Bb4 42. fxe5+ Kxe5 43. Rh1 Nf6 44. Rh2 Bc3 1/2-1/2

[Event "Paleochora op 13th"]
[Site "Paleochora"]
[Date "2020.07.22"]
[Round "6"]
[White "Formento, Paolo"]
[Black "Gavriilidis, Orestis"]
[Result "1-0"]
[WhiteElo "2294"]
[BlackElo "1939"]
[PlyCount "113"]
[EventDate "2020.07.18"]
[EventType "swiss"]
[EventRounds "9"]
[EventCountry "GRE"]
[SourceTitle "EXT 2021"]
[Source "ChessBase"]
[SourceDate "2020.10.23"]
[SourceVersion "1"]
[SourceVersionDate "2020.10.23"]
[SourceQuality "1"]

1. d4 Nf6 2. c4 g6 3. Nc3 Bg7 4. e4 d6 5. Nge2 0-0 6. Ng3 e5 7. d5 a5 8. Be2 Na6 9. h4 h5 10. Bg5 Qe8 11. Qd2 Nc5 12. f3 Bd7 13. 0-0-0 a4 14. Kb1 Qb8 15. Nf1 Qa7 16. g4 hxg4 17. Bxf6 Bxf6 18. fxg4 Kg7 19. Ng3 Rh8 20. g5 Be7 21. Rdf1 a3 22. b3 Qa5 23. Bd1 Raf8 24. Qe3 Na6 25. Qc1 c6 26. Be2 Bd8 27. Nd1 Bb6 28. Rf6 Qc5 29. h5 Bd8 30. Rhf1 Be7 31. Ne3 Qd4 32. Nc2 Qb2+ 33. Qxb2 axb2 34. h6+ Kg8 35. Ne3 Nc7 36. Bg4 Bxf6 37. Rxf6 Bxg4 38. Nxg4 Rd8 39. c5 Ne8 40. dxc6 bxc6 41. Rf2 Rh7 42. Kxb2 Kf8 43. cxd6 Rxd6 44. Nxe5 Ke7 45. Nc4 Rd3 46. Ne2 Nd6 47. Kc2 Rh3 48. Nd2 Re3 49. Nc3 Rg3 50. e5 Nf5 51. Nde4 Nd4+ 52. Kb2 Re3 53. Nf6 Rh8 54. Nfd5+ cxd5 55. Nxd5+ Ke6 56. Nxe3 Nf5 57. Nc4 1-0

[Event "Plovdiv Tringov Memorial 42nd"]
[Site "Plovdiv"]
[Date "2020.07.14"]
[Round "4"]
[White "Formento, Paolo"]
[Black "Petrov, Martin"]
[Result "0-1"]
[WhiteElo "2294"]
[BlackElo "2520"]
[PlyCount "86"]
[EventDate "2020.07.12"]
[EventType "swiss"]
[EventRounds "9"]
[EventCountry "BUL"]
[SourceTitle "EXT 2022"]
[Source "ChessBase"]
[SourceDate "2021.10.06"]
[SourceVersion "1"]
[SourceVersionDate "2021.10.06"]
[SourceQuality "1"]

1. d4 Nf6 2. c4 e6 3. Nf3 b6 4. g3 Ba6 5. b3 Bb4+ 6. Bd2 Be7 7. Bg2 0-0 8. Ne5 d5 9. 0-0 c5 10. Bc3 Qc7 11. dxc5 bxc5 12. cxd5 Nxd5 13. Bxd5 exd5 14. Qxd5 Bb7 15. Qc4 Nc6 16. Nd3 Rad8 17. Nxc5 Ne5 18. Ne6 Nxc4 19. Nxc7 Nd6 20. Nd2 Rd7 21. Ba5 Bd8 22. Rac1 Ne8 23. Nxe8 Bxa5 24. Nc4 Bb4 25. a3 Be7 26. Rcd1 Rxd1 27. Rxd1 Rxe8 28. Rd7 Ba6 29. Rxa7 Bxc4 30. bxc4 Bc5 31. Ra5 Bf8 32. e3 Rc8 33. Kg2 Rxc4 34. Kf3 g6 35. g4 Rc2 36. Ra8 Kg7 37. a4 Bb4 38. a5 Be1 39. a6 Rxf2+ 40. Ke4 Rxh2 41. Rb8 Ra2 42. Rb6 Ra3 43. Kf4 Bf2 0-1

[Event "Menton op 18th"]
[Site "Menton"]
[Date "2019.10.21"]
[Round "3"]
[White "Formento, Paolo"]
[Black "Maze, Sebastien"]
[Result "0-1"]
[WhiteElo "2225"]
[BlackElo "2547"]
[PlyCount "96"]
[EventDate "2019.10.19"]
[EventType "swiss"]
[EventRounds "9"]
[EventCountry "FRA"]
[SourceTitle "EXT 2021"]
[Source "ChessBase"]
[SourceDate "2020.10.23"]
[SourceVersion "1"]
[SourceVersionDate "2020.10.23"]
[SourceQuality "1"]

1. d4 Nf6 2. c4 e6 3. Nf3 a6 4. Nc3 d5 5. cxd5 exd5 6. Bg5 Be6 7. e3 Nbd7 8. Bd3 h6 9. Bh4 Bd6 10. 0-0 0-0 11. Rc1 c6 12. Bb1 Re8 13. a3 a5 14. Na4 Bg4 15. Nc5 Bxc5 16. dxc5 Ne5 17. Bg3 Qc8 18. Bxe5 Rxe5 19. Qd4 Rh5 20. Ne5 Bf5 21. Nd3 Rg5 22. Nf4 Bxb1 23. Rxb1 Qc7 24. b4 Re5 25. b5 Re4 26. Qb2 d4 27. bxc6 bxc6 28. Qb6 Qc8 29. Qb3 Qe8 30. Ne2 dxe3 31. Ng3 exf2+ 32. Rxf2 Re1+ 33. Rxe1 Qxe1+ 34. Rf1 Qe5 35. Qb6 Qd5 36. h3 h5 37. Nf5 Re8 38. Qb2 Qxc5+ 39. Kh1 Qe5 40. Qxe5 Rxe5 41. Nd4 Re3 42. Rf3 Re1+ 43. Kh2 c5 44. Nb3 Ne4 45. h4 c4 46. Nxa5 c3 47. Nb3 c2 48. Rf5 Rb1 0-1

[Event "Imperia op-A 61st"]
[Site "Imperia"]
[Date "2019.09.04"]
[Round "5.3"]
[White "Angelini, Marco"]
[Black "Formento, Paolo"]
[Result "1/2-1/2"]
[WhiteElo "2252"]
[BlackElo "2231"]
[PlyCount "83"]
[EventDate "2019.09.01"]
[EventType "swiss"]
[EventRounds "9"]
[EventCountry "ITA"]
[SourceTitle "EXT 2024"]
[Source "ChessBase"]
[SourceDate "2023.10.10"]
[SourceVersion "1"]
[SourceVersionDate "2023.10.10"]
[SourceQuality "1"]

1. c4 e6 2. Nf3 d5 3. b3 Nf6 4. g3 c5 5. Bg2 d4 6. e3 Nc6 7. exd4 cxd4 8. 0-0 Bc5 9. d3 0-0 10. Re1 Re8 11. Ba3 Nd7 12. Qd2 a5 13. Ng5 Bb4 14. Bxb4 axb4 15. f4 Nc5 16. Qc2 Ne7 17. Nd2 Nf5 18. Nf1 h6 19. Ne4 Nxe4 20. Bxe4 Nd6 21. Bg2 Ra5 22. Qb2 Qb6 23. a3 Nf5 24. axb4 Rxa1 25. Rxa1 Qxb4 26. Be4 Bd7 27. Qa3 Qb6 28. Qa7 Qxb3 29. Qxb7 Qxb7 30. Bxb7 Rb8 31. Ra7 Kf8 32. Nd2 Ne7 33. Nf3 Bc6 34. Bxc6 Nxc6 35. Rd7 Rb1+ 36. Kg2 Rd1 37. Nxd4 Ke8 38. Rd6 Rxd3 39. Rxc6 Rxd4 40. Kf3 Kd7 41. Rc5 Kd6 42. Rc8 1/2-1/2

[Event "Imperia op-A 61st"]
[Site "Imperia"]
[Date "2019.09.02"]
[Round "2.2"]
[White "Formento, Paolo"]
[Black "Legky, Nikolay A"]
[Result "0-1"]
[WhiteElo "2231"]
[BlackElo "2418"]
[PlyCount "106"]
[EventDate "2019.09.01"]
[EventType "swiss"]
[EventRounds "9"]
[EventCountry "ITA"]
[SourceTitle "EXT 2024"]
[Source "ChessBase"]
[SourceDate "2023.10.10"]
[SourceVersion "1"]
[SourceVersionDate "2023.10.10"]
[SourceQuality "1"]

1. e4 Nf6 2. e5 Nd5 3. d4 d6 4. Nf3 Bg4 5. Be2 e6 6. 0-0 Be7 7. c4 Nb6 8. exd6 cxd6 9. Nc3 0-0 10. b3 d5 11. c5 Bxf3 12. Bxf3 Nc8 13. b4 a6 14. Be3 Nc6 15. Rb1 Bf6 16. a4 N8e7 17. g4 g6 18. Bg2 b6 19. Ne2 Bg7 20. f4 bxc5 21. dxc5 d4 22. Bf2 d3 23. Ng3 Nd5 24. Qxd3 Ncxb4 25. Qc4 a5 26. f5 Rc8 27. Rbe1 Qd7 28. fxg6 fxg6 29. Ne4 Nf4 30. Rd1 Nbd3 31. Be3 Nxg2 32. Kxg2 Rxf1 33. Rxf1 Ne5 34. Qe2 Qxa4 35. Nd6 Qxg4+ 36. Qxg4 Nxg4 37. Bg1 Rc6 38. Rb1 Bf8 39. Ne4 Be7 40. Rb7 Nf6 41. Nxf6+ Bxf6 42. Rb6 Rxb6 43. cxb6 Be5 44. Kf3 a4 45. Ke4 Bb8 46. Kd4 g5 47. Kc4 g4 48. Kb4 Kf7 49. Kxa4 Ke7 50. Kb5 Kd7 51. Kc5 h5 52. Kd4 Kc6 53. Kd3 h4 0-1

[Event "Spilimbergo op 17th"]
[Site "Spilimbergo"]
[Date "2019.08.09"]
[Round "1"]
[White "Dragnev, Valentin"]
[Black "Formento, Paolo"]
[Result "1-0"]
[WhiteElo "2535"]
[BlackElo "2237"]
[PlyCount "117"]
[EventDate "2019.08.09"]
[EventType "swiss"]
[EventRounds "9"]
[EventCountry "ITA"]
[SourceTitle "CBM 191 Extra"]
[Source "ChessBase"]
[SourceDate "2019.09.30"]
[SourceVersion "1"]
[SourceVersionDate "2019.09.30"]
[SourceQuality "1"]

1. c4 e6 2. Nf3 Nf6 3. d4 Bb4+ 4. Bd2 Bxd2+ 5. Qxd2 d5 6. g3 0-0 7. Bg2 Qe7 8. 0-0 Rd8 9. Qc2 Nc6 10. Rd1 dxc4 11. Na3 Bd7 12. Nxc4 Nb4 13. Qb3 Bc6 14. a3 Na6 15. Qc3 Bd5 16. b4 c6 17. Rac1 Nc7 18. Na5 Ne4 19. Qd3 Nd6 20. Bh3 Be4 21. Qb3 Qe8 22. Nd2 Bd5 23. Qc2 f5 24. Bg2 e5 25. e4 fxe4 26. Nxe4 Nxe4 27. Bxe4 Bxe4 28. Qxe4 Rxd4 29. Rxd4 exd4 30. Qxd4 Nb5 31. Qc4+ Qf7 32. Nxb7 Qxc4 33. Rxc4 Nxa3 34. Rxc6 Rb8 35. Nd6 h6 36. Nf5 Rxb4 37. Rc7 Rg4 38. f3 Rg5 39. g4 Kf8 40. h4 Rg6 41. h5 Rg5 42. Kf2 Nb5 43. Rc8+ Kf7 44. Kg3 Rxf5 45. gxf5 Nd4 46. Kf4 Kf6 47. Re8 a5 48. Rf8+ Ke7 49. Ra8 Nc6 50. Ke4 Kd6 51. Rg8 a4 52. Rxg7 a3 53. Rg8 a2 54. Ra8 Nb4 55. Ra7 Nd5 56. Ra6+ Kc5 57. Ke5 Nb4 58. Rxa2 Nxa2 59. f6 1-0